000 00291nam a2200097Ia 4500
082 _aJ|305.8|SANN
245 0 _aWe shall all be free : survivors of racism
100 _a Sanna, Ellyn, , 1957- Philadelphia, 2009
_964382
942 _cBK
008 210817s9999 xx 000 0 und d
999 _c205094
_d205093